000
00276nam a22001097a 4500
008
230619b xxu||||| |||| 00| 0 eng d
082
_2
3
_a
291
_b
FRA
245
_a
The Golden Bough
_b
Aftermath
260
_a
London
_b
Macmillan & Co Ltd
_c
1955
300
_a
XX,494p
942
_2
ddc
_c
BK
999
_c
1185
_d
1185